000
00298nam a2200109Ia 4500
008
200302s9999 xx 000 0 und d
100
_a
Edward Saunders
245
_a
Joseph Pickford Of Derby : A Georgian Archtiect
260
_b
Alan Sutton Publishers, United Kingdom
260
_c
1993
300
_a
182
999
_c
4735
_d
4735